000 00742nam a2200217 a 4500
001 000034647
005 20200930073821.0
008 111012s2008 ck r 000 0 spa d
020 _a9789583001062
040 _aDO-SdBNP
_bspa
_cBNPHU
082 _axxx
_bxxxx
100 1 _aIngenieros, José,
_d1877-1925.
_916601
245 1 0 _aEl hombre mediocre /
_cJosé Ingenieros; edición Gabriel Silva Rincón.
260 _aSanta Fe de Bogotá :
_bPanamericana,
_c2008.
300 _a243 p. ;
_c21 cm.
490 1 _aFilosofía y política
500 _aDecimatercera reimpresión
500 _aIncluye datos del autor en la solapa de la cubierta
700 1 _aSilva Rincón, Gabriel,
_d1955-
_eed.
_960081
830 0 _aFilosofía y política
_960082
999 _c34138
_d34138